00389pab a2200133 454500008004000000100001800040245008400058260000900142300001300151362001000164650003000174650003100204773002000235180718b2017 xxu||||| |||| 00| 0 eng d aAbbasi, Faiza aNawab Sultan Jahan Begum: the first Chancellor of the Aligarh Muslim University c2017 ap.21-23. a9 Jan aAligarh Muslim University aEducational administrators aUniversity News